Responses for show #4329 - Thursday, May 29, 2003

Contestants

Joe Nathan, a college student from Upper Arlington, Ohio

Katie Hamill, a lawyer from Arlington, Massachusetts

Bronson Messer, an astrophysicist from Knoxville, Tennessee (whose 3-day cash winnings total $29,599)

Jeopardy! Round responses

ARTISTS & THEIR SUBJECTS
SOUNDS LIKE A TV DETECTIVE SHOW
NONFICTION
WHICH CABINET DEPARTMENT?
SO YOU THINK YOU KNOW THEATRE...
"POW"!
    $200 19
Michelangelo

Katie
    $200 10
Moonlighting

Katie
    $200 21
Kurt Cobain

Joe
    $200 3
Treasury

Katie
    $200 8
Damn Yankees

Joe
    $200 1
powder room

Katie
    $400 20
Winston Churchill

Joe
    $400 12
The Streets of San Francisco

Katie
    $400 22
Theodore Roosevelt

Katie
    $400 6
(Joe: What is the Department of Interior?)

Labor

KatieJoe
    $400 11
The King and I

Bronson
    $400 2
Powerball

Joe
    $600 25
George F. Handel

Bronson
    $600 13
manics

Bronson
    $600 28
Slavery

Katie
    $600 9
Transportation

Joe
    $600 14
Arthur Miller

Triple Stumper
    $600 4
power of attorney

Katie
    $800 26
Emile Zola

Katie
    $800 15
The Rockford Files

Bronson
    $1,000 29
Billy Wilder

Katie
    $800 17
Justice

Bronson
    $800 23
Eugene O'Neill

Bronson
    $800 5
Powhatan

Joe
    $1000 27
Toulouse-Lautrec

Bronson
    $1000 16
Beretta

Bronson
    $1000 30
Jack the Ripper

Joe
    $1000 18
(Bronson: What is the Department of State?)

Commerce

Bronson
Triple Stumper
    $1000 24
The Frogs

Katie
    $1000 7
Adam Clayton Powell, Jr.

Triple Stumper

Scores at the first commercial break (after clue 16):

Bronson Katie Joe
$2,800 $2,000 $1,600

Scores at the end of the Jeopardy! Round:

Bronson Katie Joe
$5,000 $6,000 $3,200

Double Jeopardy! Round responses

19th CENTURY AMERICANS
MOVIE SEQUELS
(Alex: We want you to name the original film for us.)
SEA, I TOLD YOU
BUSINESS & INDUSTRY
POWER TO THE PEOPLE
"C.C." SENOR!
    $400 9
Samuel Morse

Bronson
    $400 1
Peter Pan

Joe
    $400 21
Adriatic Sea

Bronson
    $400 25
Wall Street

Bronson
    $400 16
wristwatch

Bronson
    $400 6
Cape Cod

Bronson
    $800 10
Edgar Allan Poe

Bronson
    $800 2
Mad Max

Katie
    $800 22
Black Sea

Joe
    $800 27
Frank Lloyd Wright

Katie
    $4,200 17
stoker

Bronson
    $800 7
Calvin Coolidge

Katie
    $1200 11
Robert E. Lee

Joe
    $1200 3
(Joe: What is "The Nutty Professor?")

The Absent-Minded Professor

KatieJoe
    $1200 23
(Bronson: Who is Cortez?)
(Alex: Be more specific.)
(Bronson: Who is Hernando Cortez?)

Sea of Cortez

Bronson
Triple Stumper
    $1200 28
L.L. Bean

Katie
    $1200 18
Brazil

Bronson
    $1200 8
California condor

Joe
    $1600 12
John Deere

Bronson
    $1600 4
Chinatown

Katie
    $4,500 24
(Joe: Don't know.)
...
(Alex: Bronson, that's why we wanted you to be more specific, since the previous clue led into the Daily Double; we were going for the name of the sea.)

Arabian Sea

Joe
    $1600 29
Triumph

Triple Stumper
    $1600 19
jet fuel

Bronson
    $1600 14
cubic centimeter

Bronson
    $2000 13
"The Little Giant"

Joe
    $2000 5
The Last Picture Show

Triple Stumper
    $2000 26
Coral Sea

Bronson
    $2000 30
Cincinnati

Triple Stumper
    $2000 20
compressed natural gas

Katie
    $2000 15
calcium carbonate

Bronson

Scores at the end of the Double Jeopardy! Round:

Bronson Katie Joe
$20,800 $14,400 $3,100

[wagering suggestions for these scores]

Final Jeopardy! Round responses

PRESIDENTIAL ELECTIONS
(Alex: Cleveland came back to win 4 years later.)
JoeWho are Carter & Cleveland
$2,900
KatieWho are Carter and
$1,600
BronsonWho are Carter and [Grant] Hoover
$8,001
Grover Cleveland & Jimmy Carter

Final scores:

Bronson Katie Joe
$12,799 $12,800 $6,000
2nd place: $2,000 New champion: $12,800 3rd place: $1,000

Game dynamics:

Coryat scores:

Bronson Katie Joe
$17,400 $14,200 $7,600
21 R
(including 1 DD),
2 W
19 R
(including 1 DD),
0 W
12 R,
3 W
(including 1 DD)

Combined Coryat: $39,200

The J! Archive is created by fans, for fans. The Jeopardy! game show and all elements thereof, including but not limited to copyright and trademark thereto, are the property of Jeopardy Productions, Inc. and are protected under law. This website is not affiliated with, sponsored by, or operated by Jeopardy Productions, Inc. Join the discussion at JBoard.tv.